| 000 | 00366 a2200133 4500 | ||
|---|---|---|---|
| 001 | 88857 | ||
| 082 | _aPR 780 | ||
| 090 |
_c41998 _d41998 |
||
| 100 | _aNasir Ali Shah | ||
| 245 | _aDesign of gas turbine engine for a conventional 1200 C.C motor car | ||
| 260 |
_aKarachi _bNED _c1981 |
||
| 300 |
_a80p. _eKhalid Pervez ; Khalid Hussain |
||
| 500 | _aBE Project Reports | ||
| 942 |
_aCAE NUST _kPR 780 |
||
| 999 |
_c323930 _d323930 |
||